Normal view MARC view

Entry Término temático

Number of records used in: 8

001 - NÚMERO DE CONTROL

  • campo de control: 10968

003 - IDENTIFICADOR DE NÚMERO DE CONTROL

  • campo de control: SpMaBN

005 - FECHA Y HORA DE LA ÚLTIMA TRANSACCIÓN

  • campo de control: 20250813210557.0

008 - ELEMENTOS DE DATO DE LONGITUD-FIJA

  • campo de control de longitud fija: 900725 n anznnbabn |a ana

016 ## - NÚMERO DE CONTROL DE UNA AGENCIA BIBLIOGRÁFICA NACIONAL

  • Número de control del registro: BNE19971540886

024 7# - IDENTIFICADOR DE OTROS ESTÁNDARES

  • Número estándar o código: http://id.loc.gov/authorities/subjects/sh85101000
  • Fuente: lcsh

024 7# - IDENTIFICADOR DE OTROS ESTÁNDARES

  • Número estándar o código: http://data.bnf.fr/ark:/12148/cb11942313b
  • Fuente: rameau

040 ## - FUENTE DE CATALOGACIÓN

  • Centro catalogador/agencia de origen: SpMaBN
  • Lengua de catalogación: spa
  • Centro/agencia transcriptor: SpMaBN
  • Normas de descripción: rdc
  • Convención/Normas de encabezamiento de materia/tesauro: embne

042 ## - CÓDIGO DE AUTENTICACIÓN

  • Código de autenticación: 200708039294PCMPBC BNEP 00

080 ## - NÚMERO DE LA CLASIFICACIÓN DECIMAL UNIVERSAL

  • Número de la Clasificación Decimal Universal: 001:1
  • Identificador de la edición: 2015

150 ## - ENCABEZAMIENTO--TÉRMINO DE MATERIA

  • Término de materia o nombre geográfico como elemento de entrada: Ciencia y filosofía

450 ## - TRAZADO DE VÉASE--TÉRMINO DE MATERIA

  • Término de materia o nombre geográfico como elemento de entrada: Filosofía y ciencia

450 ## - TRAZADO DE VÉASE--TÉRMINO DE MATERIA

  • Término de materia o nombre geográfico como elemento de entrada: Metafísica y ciencia

670 ## - FUENTE DE DATOS ENCONTRADOS

  • Cita de la fuente: LCSH
  • Información encontrada: (Philosophy and science)

670 ## - FUENTE DE DATOS ENCONTRADOS

  • Cita de la fuente: CSIC
  • Información encontrada: (Filosofía y ciencia)

670 ## - FUENTE DE DATOS ENCONTRADOS

  • Cita de la fuente: RAMEAU
  • Información encontrada: (Philosophie et sciences)

680 ## - NOTA GENERAL PÚBLICA

  • Texto explicativo: Úsase para obras sobre la relación e influencia recíproca entre la ciencia y la filosofía. Para obras sobre la filosofía de la ciencia, véase
  • Encabezamiento o término de subdivisión: Ciencia-Filosofía

750 #7 - ENTRADA DE ENLACE DE ENCABEZAMIENTO ESTABLECIDO--TÉRMINO DE MATERIA

  • Término de materia o nombre geográfico como elemento de entrada: Philosophie et sciences
  • Fuente del encabezamiento o término: rameau

750 #7 - ENTRADA DE ENLACE DE ENCABEZAMIENTO ESTABLECIDO--TÉRMINO DE MATERIA

  • Término de materia o nombre geográfico como elemento de entrada: Philosophy and science
  • Fuente del encabezamiento o término: lcsh